The Red Hat Club rides again [sound recording] / (Record no. 260978)
[ view plain ]
| 000 -LEADER | |
|---|---|
| fixed length control field | 01918nim a2200505Ia 4500 |
| 001 - CONTROL NUMBER | |
| control field | ocm59281681 |
| 003 - CONTROL NUMBER IDENTIFIER | |
| control field | OCoLC |
| 005 - DATE AND TIME OF LATEST TRANSACTION | |
| control field | 20200320180634.0 |
| 007 - PHYSICAL DESCRIPTION FIXED FIELD--GENERAL INFORMATION | |
| fixed length control field | sd fungnn---ed |
| 008 - FIXED-LENGTH DATA ELEMENTS--GENERAL INFORMATION | |
| fixed length control field | 050422s2005 nhu n f eng d |
| 020 ## - INTERNATIONAL STANDARD BOOK NUMBER | |
| International Standard Book Number | 079273517X |
| 020 ## - INTERNATIONAL STANDARD BOOK NUMBER | |
| Terms of availability | 94.95 |
| 024 1# - OTHER STANDARD IDENTIFIER | |
| Standard number or code | 9780792735175 |
| 028 02 - PUBLISHER NUMBER | |
| Publisher number | SLD 772 |
| Source | BBC Audiobooks America |
| 040 ## - CATALOGING SOURCE | |
| Original cataloging agency | IHG |
| Transcribing agency | IHG |
| Modifying agency | WACOL |
| 043 ## - GEOGRAPHIC AREA CODE | |
| Geographic area code | n-us-ga |
| -- | n-us-nv |
| 049 ## - LOCAL HOLDINGS (OCLC) | |
| Holding library | WACL |
| 092 ## - LOCALLY ASSIGNED DEWEY CALL NUMBER (OCLC) | |
| Classification number | CD |
| Item number | Smi |
| 100 1# - MAIN ENTRY--PERSONAL NAME | |
| Personal name | Smith, Haywood, |
| Dates associated with a name | 1949- |
| 9 (RLIN) | 62500 |
| 245 14 - TITLE STATEMENT | |
| Title | The Red Hat Club rides again [sound recording] / |
| Remainder of title | a novel / |
| Statement of responsibility, etc | by Haywood Smith. |
| 260 ## - PUBLICATION, DISTRIBUTION, ETC. (IMPRINT) | |
| Place of publication, distribution, etc | Hampton, NH : |
| Name of publisher, distributor, etc | BBC Audiobooks America, |
| Date of publication, distribution, etc | p2005. |
| 300 ## - PHYSICAL DESCRIPTION | |
| Extent | 10 sound discs (11 hrs., 49 min.) : |
| Other physical details | digital ; |
| Dimensions | 4 3/4 in. |
| 500 ## - GENERAL NOTE | |
| General note | "Sound library." |
| 511 0# - PARTICIPANT OR PERFORMER NOTE | |
| Participant or performer note | Read by Cynthia Darlow. |
| 500 ## - GENERAL NOTE | |
| General note | Complete & unabridged. |
| 500 ## - GENERAL NOTE | |
| General note | Compact discs. |
| 520 ## - SUMMARY, ETC. | |
| Summary, etc | When Pru, the black sheep of the Red Hat Club, falls of the wagon, "the girls" stage a hilarious kidnapping in Vegas to help their childhood friend clean up her act. |
| 650 #0 - SUBJECT ADDED ENTRY--TOPICAL TERM | |
| Topical term or geographic name as entry element | Female friendship |
| Form subdivision | Fiction. |
| 9 (RLIN) | 5674580 |
| 650 #0 - SUBJECT ADDED ENTRY--TOPICAL TERM | |
| Topical term or geographic name as entry element | Recovering alcoholics |
| Form subdivision | Fiction. |
| 9 (RLIN) | 5795117 |
| 650 #0 - SUBJECT ADDED ENTRY--TOPICAL TERM | |
| Topical term or geographic name as entry element | Middle ages women |
| Form subdivision | Fiction. |
| 9 (RLIN) | 5828767 |
| 650 #0 - SUBJECT ADDED ENTRY--TOPICAL TERM | |
| Topical term or geographic name as entry element | Women alcoholics |
| Form subdivision | Fiction. |
| 9 (RLIN) | 5674695 |
| 650 #0 - SUBJECT ADDED ENTRY--TOPICAL TERM | |
| Topical term or geographic name as entry element | Women |
| Geographic subdivision | Georgia |
| Form subdivision | Fiction. |
| 9 (RLIN) | 5828768 |
| 650 #0 - SUBJECT ADDED ENTRY--TOPICAL TERM | |
| Topical term or geographic name as entry element | Surgery, Plastic |
| Form subdivision | Fiction. |
| 9 (RLIN) | 5828769 |
| 650 #0 - SUBJECT ADDED ENTRY--TOPICAL TERM | |
| Topical term or geographic name as entry element | Online dating |
| Form subdivision | Fiction. |
| 9 (RLIN) | 5704339 |
| 651 #0 - SUBJECT ADDED ENTRY--GEOGRAPHIC NAME | |
| Geographic name | Atlanta (Ga.) |
| Form subdivision | Fiction. |
| 9 (RLIN) | 5686625 |
| 655 #0 - INDEX TERM--GENRE/FORM | |
| Genre/form data or focus term | Psychological fiction. |
| 9 (RLIN) | 5673631 |
| 655 #7 - INDEX TERM--GENRE/FORM | |
| Genre/form data or focus term | Love stories. |
| Source of term | gsafd |
| 9 (RLIN) | 5828770 |
| 655 #0 - INDEX TERM--GENRE/FORM | |
| Genre/form data or focus term | Audiobooks. |
| 9 (RLIN) | 5828771 |
| 655 #7 - INDEX TERM--GENRE/FORM | |
| Genre/form data or focus term | Audiobooks on compact discs. |
| Source of term | local |
| 9 (RLIN) | 5828772 |
| 700 1# - ADDED ENTRY--PERSONAL NAME | |
| Personal name | Darlow, Cynthia. |
| Relator code | nrt |
| 9 (RLIN) | 69002 |
| 942 ## - ADDED ENTRY ELEMENTS (KOHA) | |
| Koha item type | CD |
| 948 ## - LOCAL PROCESSING INFORMATION (OCLC); SERIES PART DESIGNATOR (RLIN) | |
| Series part designator, SPT (RLIN) | 05/09/2005 |
| b (OCLC) | 05/24/2012 |
| z (OCLC) | Sirsi |
| 994 ## - | |
| -- | 02 |
| -- | WACOL |
| 996 ## - | |
| -- | 41716 |
| -- | 34301000467474 |
| -- | cd |
| -- | CD |
| -- | wcl |
| -- | i |
| -- | 34 |
| -- | 94.95 |
| -- | BBC Audiobooks |
| -- | Smi |
| -- | 05/09/2005 |
| -- | 07/06/2018 |
| -- | 05/25/2018 |
| Withdrawn status | Lost status | Source of classification or shelving scheme | Damaged status | Not for loan | Collection code | Home library | Current library | Shelving location | Date acquired | Cost, normal purchase price | Total Checkouts | Total Renewals | Full call number | Barcode | Date last seen | Date checked out | Cost, replacement price | Price effective from | Koha item type |
|---|---|---|---|---|---|---|---|---|---|---|---|---|---|---|---|---|---|---|---|
| Dewey Decimal Classification | Audiobooks | Wasatch County Library | Wasatch County Library | Second Floor | 05/09/2005 | 94.95 | 36 | 1 | CD Smi | 34301000467474 | 06/17/2024 | 06/13/2024 | 94.95 | 03/20/2020 | Audiobook on CD |
